00319nam a2200145Ia 45000030006000000080041000060400015000471000020000622450017000822500006000992600031001053000006001365460014001420050017001560STCL150530s9999 xx 000 0 und d aSTCLcSTCL aPadmanabhan, T. aGul Muhammed a2 bD C Books ; Kottayamc2001 a0 aMalayalam20220125171654.0